000
00311nam a22001337a 4500
008
181018b xxu||||| |||| 00| 0 eng d
020
_a
9781412913621
041
_a
eng
080
_a
316
100
_a
50
101
_a
SOC
245
_a
Contemporary Social and Sociological Theory
_c
Allan, K
942
_2
udc
_c
BK
999
_c
50137
_d
50137